000 00551nam a2200241Ia 4500
005 20260320200953.0
008 008 262003s9999 xx 000 0 eng d
037 _aEBOOK
040 _aCRL
040 _beng
040 _cCRL
041 _2eng
041 _aeng
084 _qCRL
100 _aMochizuki
245 0 _aVertical GaN and SiC Power Devices
260 _bIEEE
260 _c2018
856 _uhttps://ieeexplore.ieee.org/servlet/opac?bknumber=9100438
942 _cEBOOK
999 _c1717989
_d1717989